Labour welfare laws / (Record no. 124738)

MARC details
000 -LEADER
fixed length control field 00646nam a22002297a 4500
005 - DATE AND TIME OF LATEST TRANSACTION
control field 20170124105943.0
010 ## - LIBRARY OF CONGRESS CONTROL NUMBER
LC control number A-169704
020 ## - INTERNATIONAL STANDARD BOOK NUMBER
Terms of availability 33.00
035 ## - SYSTEM CONTROL NUMBER
System control number A-169704
037 ## - SOURCE OF ACQUISITION
Source of stock number/acquisition Cen Lib/Ret
040 ## - CATALOGING SOURCE
Original cataloging agency DPL
Language of cataloging EN
082 ## - DEWEY DECIMAL CLASSIFICATION NUMBER
Classification number 331
Item number KAU
100 ## - MAIN ENTRY--PERSONAL NAME
Personal name Kautilya
9 (RLIN) 11790
245 ## - TITLE STATEMENT
Title Labour welfare laws /
Statement of responsibility, etc by Kautilya
250 ## - EDITION STATEMENT
Edition statement 2nd rev ed
260 ## - PUBLICATION, DISTRIBUTION, ETC. (IMPRINT)
Place of publication, distribution, etc Bombay
Name of publisher, distributor, etc C. Jamnadas
270 ## - ADDRESS
City Bombay
Address 146 c, Shamaldas Gandhi Marg
Postal code 400002
300 ## - PHYSICAL DESCRIPTION
Extent xii, 312p.
Dimensions 23cm(Hb)
650 ## - SUBJECT ADDED ENTRY--TOPICAL TERM
Topical term or geographic name as entry element Employees -- Legal status, laws, etc. -- India.
9 (RLIN) 73537
650 ## - SUBJECT ADDED ENTRY--TOPICAL TERM
Topical term or geographic name as entry element Labour Laws
9 (RLIN) 11791
942 ## - ADDED ENTRY ELEMENTS (KOHA)
Source of classification or shelving scheme Dewey Decimal Classification
Koha item type English Books
Classification part 331
Call number suffix KAU
Holdings
Withdrawn status Lost status Damaged status Not for loan Home library Current library Date acquired Source of acquisition Cost, normal purchase price Total Checkouts Full call number Barcode Date last seen Copy number Cost, replacement price Price effective from Koha item type Public note
Written off       Central Library Central Library 18/06/2015 Cen Lib/Ret 33.00   331 KAU A-169704 18/06/2015 1 33.00 18/06/2015 English Books Written off on approval by DLB (By Circulation); dtd 15-06-2023

© Delhi Public Library
Hit Counter
free hit counter